Quality audits for improved performance (Record no. 34199)

MARC details
000 -LEADER
fixed length control field 00471nam a2200193Ia 4500
020 ## - INTERNATIONAL STANDARD BOOK NUMBER
ISBN 0873892631
050 ## - CALL MARK
Classification number TS 156 .A78/
100 ## - STATEMENT OF RESPONSIBILITY--MAIN AUTHOR NAME
Personal name Arter, Dennis R.
245 #0 - TITLE STATEMENT
Title Quality audits for improved performance
250 ## - EDITION / VOLUME STATEMENT
Edition / Volume statement 2nd ed.
260 ## - PUBLICATION, DISTRIBUTION, ETC. (IMPRINT)
Place of publication Milwaukee
260 ## - PUBLICATION, DISTRIBUTION, ETC. (IMPRINT)
Name of publisher ASQ Quality Press
260 ## - PUBLICATION, DISTRIBUTION, ETC. (IMPRINT)
Year of publication 1994
300 ## - PHYSICAL DESCRIPTION
Number of Pages 119 p
650 ## - SUBJECT ADDED ENTRY--TOPICAL TERM
Topical Term Quality control_Auditing.
942 ## - ADDED ENTRY ELEMENTS (KOHA)
Koha item type Books
Holdings
Withdrawn status Lost status Source of classification or shelving scheme Damaged status Not for loan Permanent Location Current Location Date acquired Accession Number Price effective from Koha item type
    Library of Congress Classification     NILE UNIVERSITY OF NIGERIA - MAIN LIBRARY NILE UNIVERSITY OF NIGERIA - MAIN LIBRARY 04/23/2025 0010631 04/23/2025 Books